000 00845 a2200229 4500
020 _a0201657023
020 _a9780201657029
082 0 4 _a531
090 _c753
_d753
100 1 _aGoldstein, Herbert.
245 1 0 _aClassical mechanics /
_cHerbert Goldstein, Charles P. Poole, John L. Safko.
250 _a3rd ed.
260 _a[S.l.] :
_bAddison Wesley,
_c2002.
300 _a680 p. ;
_c24 cm.
490 1 _a3rd edition.
700 _aPoole, Charles P
700 _aSafko, John L
830 _a3rd edition
942 _aSNS
_cBK
_k531 GOL
999 _c29380
_d29380